| 000 | 00554 a2200193 4500 | ||
|---|---|---|---|
| 005 | 20240513153007.0 | ||
| 010 | _aB-759016 | ||
| 020 |
_a8172110170 _c200.00 |
||
| 035 | _aB-759016 | ||
| 037 | _bGift/Unesco | ||
| 082 | _a305.42 | ||
| 100 |
_aMisra, Lakshmi _966124 |
||
| 245 |
_aWomen's Issues An Indian Perspective/ _cLakshmi Misra |
||
| 260 |
_aNew Delhi _bNorthern Book Center |
||
| 270 | _bNew Delhi | ||
| 300 |
_a208 p. _c22cm (Hb) |
||
| 942 |
_adpl _cEN _2ddc _h305.42 _mMIS |
||
| 999 |
_c202836 _d202836 |
||